| Virtuální polytechnická knihovna - Souborný katalog - Úplný záznam dokumentu - MARC |
Uživatel: --- |
-----nas 22-----zu 4500
001 SKVPK0031902
003 CZ-VPK
005 20260424095849.0
008 260424d19611970||||| | ||| || |||||||
022 $a0550-3248
040 $aABA013$bcze
222 0$aNuclear science abstracts of Japan
245 00$aNuclear science abstracts of Japan
260 $aJaponsko :$bTokai-mura, Ibaraki : Japan Atomic Energy Research Institute
. Division of Technical Information,$c1961-1970
650 07$afyzika$xfy$2psh
785 00$tNuclear science information of Japan$x0029-5620
910 $aABA013$r1964, 1966-1967
| pátek 15.05.2026 11:52:52 |
© 2001-2015 Národní technická knihovna |
[Virtuální polytechnická knihovna]
[Servisní centrum]
[Souborný katalog]